00553nam a2200229Ia 4500008004100000020001800041050001400059100001800073245001900091245002100110260001900131260002200150260000900172300001500181300002600196300001000222440001700232500000900249650004200258700001200300700001100312181129s9999 xx 000 0 und d a9780531239230 bR111 2013 aRaatma, Lucia 0aGood manners / 0cby Lucia Raatma. aNew York, NY : bChildren's Press, c2013 a48 pages : bcolor illustrations ; c21cm. aA true book. a640L aEtiquette for children and teenagers. aSeries. aTitle.